00472 2200205 4500001002100000008004100021035002000062245003500082100001700117250000600134260003200140300001100172084001400183082000800197650001300205990001200218990001200230990001200242990001200254INLIS000000000000640 ind  a0010-0424000616 aKecerdasan BuatancAnne Rooney aRooney, Anne a1 aBandung :bPakar Rayac2007 a48 hlm a600 ANN k a600 aNonfiksi a0721614 a0721615 a0721616 a0721617